书目信息 |
| 题名: |
山地森林生态系统水文循环与数学模拟
|
|
| 作者: | 程根伟 , 余新晓 , 赵玉涛 著 | |
| 分册: | ||
| 出版信息: | 北京 科学出版社 2004 |
|
| 页数: | 298页 | |
| 开本: | 26cm | |
| 丛书名: | ||
| 单 册: | ||
| 中图分类: | S715 | |
| 科图分类: | ||
| 主题词: | 山地--森林水文学--研究 , 山地 , 森林水文学 | |
| 电子资源: | ||
| ISBN: | 7-03-014194-6 | |
| 000 | 01247nam0 2200301 450 | |
| 000 | 01254nam0 2200301 450 | |
| 000 | 01187nam0 2200277 450 | |
| 000 | 01151nam0 2200265 45 | |
| 005 | 20070525131716.76 | |
| 010 | @a7-03-014194-6@b精装@dCNY55.00 | |
| 100 | @a20070419d2004 em y0chiy0120 ea | |
| 101 | 0 | @achi@aeng |
| 102 | @aCN@b110000 | |
| 105 | @ay z 000yy | |
| 200 | 1 | @a山地森林生态系统水文循环与数学模拟@AShan Di Sen Lin Sheng Tai Xi Tong Shui Wen Xun Huan Yu Shu Xue Mo Ni@f程根伟,余新晓,赵玉涛等著@FCheng Gen Wei, Yu Xin Xiao, Zhao Yu Tao Deng Zhu |
| 210 | @a北京@c科学出版社@d2004 | |
| 215 | @a298页@d26cm | |
| 330 | @a本书从生态系统界面水文作用的角度,系统地分析了山地主要森林类型中的水分时空分布特征及其蓄持、运移、转换机制,讨论了森林系统中的林冠层、地被物层、土壤层等不同界面层次中水的截留、蒸发、下渗等问题。 | |
| 510 | 1 | @aThe Hydrological Cycle and Its Mathematical Models of Forest Ecosystem in Mountains@zeng |
| 606 | 0 | @a山地@x森林水文学@x研究 |
| 606 | 0 | @a山地 |
| 606 | 0 | @a森林水文学 |
| 690 | @aS715@v4 | |
| 701 | 0 | @a程根伟@ACheng Gen Wei@c(林业)@4著 |
| 701 | 0 | @a余新晓@AYu Xin Xiao@4著 |
| 701 | 0 | @a赵玉涛@AZhao Yu Tao@c(林业)@4著 |
| 801 | 0 | @aCN@bTAOJIN@c20070525 |
| 905 | @a10447@dS715@e26 | |
| 山地森林生态系统水文循环与数学模拟/程根伟,余新晓,赵玉涛等著.-北京:科学出版社,2004 |
| 298页;26cm |
| ISBN 7-03-014194-6(精装):CNY55.00 |
| 本书从生态系统界面水文作用的角度,系统地分析了山地主要森林类型中的水分时空分布特征及其蓄持、运移、转换机制,讨论了森林系统中的林冠层、地被物层、土壤层等不同界面层次中水的截留、蒸发、下渗等问题。 |
| ● |
| 相关链接 |
|
|
|
|
正题名:山地森林生态系统水文循环与数学模拟
索取号:S715/26
 
预约/预借
| 序号 | 登录号 | 条形码 | 馆藏地/架位号 | 状态 | 备注 |
| 1 | 0522614 | 205226147 | 第二样本阅览室/ [索取号:S715/26] | 在馆 | |
| 2 | 0522615 | 205226156 | 第三借阅区/ [索取号:S715/26] | 在馆 | |
| 3 | 0522616 | 205226165 | 第三借阅区/ [索取号:S715/26] | 在馆 | |
| 4 | 0522617 | 205226174 | 第三借阅区/ [索取号:S715/26] | 在馆 |